Chansons d'Eddy de Pretto - Statistiques

Statistiques générales
  • Ce quiz a été pris 77 fois
  • Le résultat moyen est 21 sur 42
Statistiques - réponses
Hint Titre % Correct
Cure 8 Kid
97%
Cure 14 Fête de trop
90%
À tous les bâtards 1 Bâteaux-Mouches
72%
Cure 6 Quartier des lunes
69%
À tous les bâtards 6 Créteil Soleil
66%
Cure 4 Jimmy
64%
Crash Cœur 2 LOVE'n'TENDRESSE
64%
Crash Cœur 10 maison
62%
Cure 13 Mamere
62%
Crash Cœur 7 pApA $ucre
62%
À tous les bâtards 5 Désolé Caroline
60%
Cure 10 Honey
60%
Cure 9 Normal
59%
À tous les bâtards 8 Rose Tati
59%
Cure 2 Random
57%
À tous les bâtards 4 Freaks
53%
Crash Cœur 8 eau de vie
52%
Crash Cœur 1 R+V
52%
Crash Cœur 3 urgences 911
52%
À tous les bâtards 2 Parfaitement
50%
Cure 3 Rue de Moscou
50%
À tous les bâtards 3 Val de larmes
50%
Crash Cœur 11 CRASH TEST
48%
Crash Cœur 4 CRASH <3
47%
Cure 5 Beaulieue
45%
Crash Cœur 5 être biennn
43%
Crash Cœur 12 heureux :))))
43%
Crash Cœur 9 MENDIANT DE LOVE
43%
Crash Cœur 6 personne pour l'hiver
41%
Cure 7 Desmurs
40%
Cure 12 Ego
40%
Cure 11 Genre
40%
Cure 15 Musique basse
40%
À tous les bâtards 12 qqn
40%
À tous les bâtards 15 Tout vivre
40%
À tous les bâtards 9 Neige en août
38%
À tous les bâtards 7 Nu
38%
Cure 1 Début
36%
À tous les bâtards 10 À quoi bon
34%
À tous les bâtards 13 Si seulement
29%
À tous les bâtards 11 La fronde
28%
À tous les bâtards 14 La zone
26%
Aucun quiz correspondant
Distribution des résultats
% des personnes avec chaque résultat
Percentile par nombre de réponses
Votre historique - résultats
Vous n’avez pas pris ce quiz